Geometry Dash Main Level Song Artists - Statistics

General Stats
  • This quiz has been taken 65 times
  • The average score is 30 of 39
Answer Stats
Song Answer % Correct
Jumper Waterflame
92%
Time Machine Waterflame
92%
Clutterfunk Waterflame
92%
Electroman Adventures Waterflame
92%
Hexagon Force Waterflame
92%
Blast Processing Waterflame
92%
Geometrical Dominator Waterflame
92%
Space Pirates Waterflame
92%
Striker Waterflame
92%
Theory of Everything dj-Nate
90%
Clubstep dj-Nate
90%
Electrodynamix dj-Nate
90%
Theory of Everything 2 dj-Nate
90%
Back on Track DJVI
88%
Dry Out DJVI
88%
Base After Base DJVI
88%
Can't Let Go DJVI
88%
Cycles DJVI
88%
XStep DJVI
88%
Deadlocked F-777
80%
The Seven Seas F-777
80%
Viking Arena F-777
80%
Airborne Robots F-777
80%
Monster Dance Off F-777
80%
Fingerdash MDK
72%
Dash MDK
72%
Press Start MDK
72%
Stereo Madness ForeverBound
62%
Power Trip Boom Kitty
56%
Payload Dex Arson
56%
Beast Mode Dex Arson
56%
Machina Dex Arson
56%
Years Dex Arson
56%
Frontlines Dex Arson
56%
Embers Dex Arson
56%
Round 1 Dex Arson
56%
Explorers Hinkik
52%
Polargeist Step
50%
Nock Em Bossfight
46%
No matching quizzes found
Score Distribution
Percent of People with Each Score
Percentile by Number Answered
Your Score History
You have not taken this quiz